00542nam a2200205Ia 4500003000400000005001700004008004100021020002200062040000700084041000800091082001500099100002300114245008800137260003000225300001700255365001300272650002100285650001200306700001800318OSt20250630153536.0210423s2005 xx 000 0 und d a978-0-240-51910-8 cAL aeng a006.7 MACT aCarol MacGillivray aThree D for the web: interactive three d animation using 3ds max flash and director aAmsterdambElsevierc2005 avii,316pbPB b495cINR aComputer Methods aGeneral aHead, Anthony